MLB: Top 50 Active Players: Triples - Statistics

General Stats
  • This quiz has been taken 65 times
    10 since last reset
  • The average score is 17 of 54
Answer Stats
# Player Triples % Correct
T1 Mike Trout 55
100%
T15 Bobby Witt Jr. 34
75%
T21 Jose Altuve 32
75%
3 Andrew McCutchen 50
63%
6 Corbin Carroll 46
63%
T33 Elly De La Cruz 24
63%
T40 George Springer 23
63%
T8 Ketel Marte 43
63%
7 Shohei Ohtani 45
63%
T1 Starling Marte 55
63%
T33 Bryce Harper 24
50%
T12 Christian Yelich 36
50%
T28 Francisco Lindor 28
50%
T18 Freddie Freeman 33
50%
T40 Gunnar Henderson 23
50%
T24 Javier Báez 30
50%
11 Mookie Betts 41
50%
T15 Nolan Arenado 34
50%
T33 Paul Goldschmidt 24
50%
T21 Byron Buxton 32
38%
T26 Cody Bellinger 29
38%
T8 José Ramírez 43
38%
T46 Marcell Ozuna 21
38%
T12 Marcus Semien 36
38%
4 Trea Turner 48
38%
30 Trevor Story 27
38%
T46 Dansby Swanson 21
25%
T50 Josh Bell 20
25%
14 J.T. Realmuto 35
25%
T50 Kyle Tucker 20
25%
T33 Matt Chapman 24
25%
T8 Nick Castellanos 43
25%
T18 Ozzie Albies 33
25%
T46 Tommy Edman 21
25%
T28 Adam Frazier 28
13%
5 Amed Rosario 47
13%
T18 Brandon Nimmo 33
13%
T24 Bryan Reynolds 30
13%
23 Chris Taylor 31
13%
T31 Jake Cronenworth 25
13%
T15 Jarren Duran 34
13%
T50 Jorge Polanco 20
13%
T50 Luis Arráez 20
13%
T40 Andrew Benintendi 23
0%
45 Cedric Mullins 22
0%
T46 Jake McCarthy 21
0%
T50 Kyle Isbel 20
0%
T33 Mike Yastrzemski 24
0%
T26 Randal Grichuk 29
0%
T31 Tommy Pham 25
0%
T33 Willi Castro 24
0%
T40 Yoán Moncada 23
0%
T33 Yolmer Sánchez 24
0%
T40 Zach McKinstry 23
0%
No matching quizzes found
Score Distribution
Percent of People with Each Score
Percentile by Number Answered
Your Score History
You have not taken this quiz since the last reset